000 00298nam a22001337a 4500
008 180829b xxu||||| |||| 00| 0 eng d
020 _a9780075618775
041 _aeng
080 _25 ED
_a33
100 _a59
101 _aBUS
245 _aUNDERSTANDING BUSINESS
_cNICKELS,M
942 _2udc
_cBK
999 _c47410
_d47410